书目信息 |
| 题名: |
五色意林
|
|
| 作者: | 丛威 图 ;马长山 文 | |
| 分册: | ||
| 出版信息: | 北京 现代出版社 2005.12 |
|
| 页数: | 164页 | |
| 开本: | 19cm | |
| 丛书名: | ||
| 单 册: | ||
| 中图分类: | J228.2 | |
| 科图分类: | ||
| 主题词: | 漫画--man hua--中国--现代--画册 | |
| 电子资源: | ||
| ISBN: | 7-80188-589-9 | |
| 000 | 00845nam0 2200253 450 | |
| 001 | 012008504796 | |
| 005 | 20080313145239.40 | |
| 010 | @a7-80188-589-9@dCNY20.00 | |
| 100 | @a20080313d2005 km y0chiy0120 ea | |
| 101 | 0 | @achi |
| 102 | @aCN@b110000 | |
| 105 | @ay t 000yy | |
| 106 | @ar | |
| 200 | 1 | @a五色意林@Awu se yi lin@e男人看字女人读图@f丛威图@Fcong wei tu@g马长山文@Gma chang shan wen |
| 210 | @a北京@c现代出版社@d2005.12 | |
| 215 | @a164页@c图@d19cm | |
| 330 | @a本书以漫画的形式表现许多的人生小哲理,配以文字解说,图文并茂,阐述了作者对待生活的态度。 | |
| 517 | 1 | @a男人看字女人读图@Anan ren kan zi nu ren du tu |
| 606 | 0 | @a漫画@Aman hua@y中国@z现代@j画册 |
| 690 | @aJ228.2@v4 | |
| 701 | 0 | @a丛威@Acong wei@4图 |
| 702 | 0 | @a马长山@Ama chang shan@4文 |
| 801 | 0 | @aCN@bQSSK@c20080313 |
| 905 | @b20282290-92@dJ228.2@eC959@f3 | |
| 五色意林:男人看字女人读图/丛威图/马长山文.-北京:现代出版社,2005.12 |
| 164页:图;19cm |
| ISBN 7-80188-589-9:CNY20.00 |
| 本书以漫画的形式表现许多的人生小哲理,配以文字解说,图文并茂,阐述了作者对待生活的态度。 |
| ● |
| 相关链接 |
|
|
|
正题名:五色意林
索取号:J228.2/C959
 
预约/预借
| 序号 | 登录号 | 条形码 | 馆藏地/架位号 | 状态 | 备注 |
| 1 | 282290 | 202822909 | 社科库309/309社科库 76排3列6层/ [索取号:J228.2/C959] | 在馆 | |
| 2 | 282291 | 202822918 | 社科库309/309社科库 76排3列6层/ [索取号:J228.2/C959] | 在馆 | |
| 3 | 282292 | 202822927 | 社科库309/309社科库 76排3列6层/ [索取号:J228.2/C959] | 在馆 |